000 00415nam a2200181Ia 4500
001 9914
005 20260306161753.0
008 260306t2018||||xx |||||||||||||| ||spa||
041 _aESP
082 _a808.2
_bD88
100 _aDoménech, Fernando
_eAUT
245 0 _aManual de dramaturgia
260 _c2018
300 _a318 páginas :
_c24 cm.
650 _aGEN
654 _aCHU
942 _cLIB
_dJUS
_fJUS
_2ddc
_n
999 _c9914
_d9914